000 00644cam a22002411 4500
001 19962
003 BD-RjUL
005 20211209000514.0
008 140226s1890 enk 000 0 eng
035 _a(BD-RjUL)20023
035 _a(OCoLC)16781209
040 _aDLC
_cCU
_dDLC
_dBD-RjUL
_beng
041 _aeng
082 0 4 _a827
_bFLT 1890
100 1 _aFleet, F. R.
_961358
245 1 2 _aA theory of wit and humour /
_cby F. R. Fleet.
260 _aLondon :
_bRemington and co.,
_c1890.
300 _a4 p. l., 278 p. ;
_c19 cm.
650 0 _aWit and humor.
_961359
942 _2ddc
_cBK
999 _c19962
_d19962